[Event "SLO-chT U20"]
[Site "Dobrna"]
[Date "2019.08.31"]
[Round "7.3"]
[White "Bajc, Aleksander"]
[Black "Marn, Jan"]
[Result "0-1"]
[WhiteElo "1854"]
[BlackElo "2162"]
[PlyCount "112"]
[EventDate "2019.08.27"]
[EventType "team-tourn"]
[EventRounds "7"]
[EventCountry "SLO"]
[SourceTitle "EXT 2020"]
[Source "ChessBase"]
[SourceDate "2019.10.17"]
[SourceVersion "1"]
[SourceVersionDate "2019.10.17"]
[SourceQuality "1"]

1. d4 d5 2. c4 e6 3. Nf3 c6 4. g3 Bb4+ 5. Bd2 Bd6 6. Bg2 Nf6 7. 0-0 0-0 8. Nc3 Nbd7 9. Bg5 h6 10. Bxf6 Nxf6 11. Re1 dxc4 12. Nd2 e5 13. Nxc4 exd4 14. Qxd4 Bc7 15. Rad1 Qxd4 16. Rxd4 Be6 17. b3 Rfd8 18. Red1 Rxd4 19. Rxd4 Kf8 20. Rd1 Ke7 21. e4 g6 22. Ne3 Ng4 23. Nxg4 Bxg4 24. Rc1 Bd6 25. Na4 Rd8 26. h3 Ba3 27. Re1 Be6 28. Re2 h5 29. Rc2 h4 30. g4 Rd1+ 31. Bf1 f5 32. f3 fxg4 33. fxg4 Bd6 34. Kg2 Re1 35. Bd3 Re3 36. Bf1 Rxe4 37. Nc5 Bd5 38. Kf2 Bxc5+ 39. Rxc5 Kd6 40. Rc3 Rf4+ 41. Kg1 Ke5 42. Re3+ Kd4 43. Re7 Rf7 44. Re8 Rf3 45. Re7 Rg3+ 46. Kf2 Rf3+ 47. Kg1 b5 48. Rxa7 Ke3 49. Re7+ Kf4 50. Rh7 Kg3 51. Re7 b4 52. Rb7 Rf2 53. Bd3 Rd2 54. Ba6 Rd1+ 55. Bf1 Bg2 56. Rf7 Bxh3 0-1

[Event "SLO-chT U20"]
[Site "Nova Gorica"]
[Date "2018.07.01"]
[Round "7.2"]
[White "Marn, Jan"]
[Black "Bajc, Aleksander"]
[Result "1-0"]
[WhiteElo "2138"]
[BlackElo "1848"]
[PlyCount "69"]
[EventDate "2018.06.27"]
[EventType "team-tourn"]
[EventRounds "7"]
[EventCountry "SLO"]
[SourceTitle "EXT 2020"]
[Source "ChessBase"]
[SourceDate "2019.10.17"]
[SourceVersion "1"]
[SourceVersionDate "2019.10.17"]
[SourceQuality "1"]
[WhiteTeam "Maribor ZSK U20"]
[BlackTeam "Krsko Triglav U20"]
[WhiteTeamCountry "SLO"]
[BlackTeamCountry "SLO"]

1. d4 Nf6 2. c4 c5 3. d5 e6 4. Nc3 exd5 5. cxd5 d6 6. e4 g6 7. f3 Bg7 8. Bg5 h6 9. Be3 0-0 10. Qd2 Kh7 11. Nge2 a6 12. a4 Nbd7 13. Ng3 Qa5 14. Ra3 Ne5 15. Be2 Ng8 16. 0-0 Ne7 17. f4 Nd7 18. Qc2 Qc7 19. Raa1 b6 20. Rad1 f6 21. h4 Kh8 22. h5 g5 23. e5 gxf4 24. exd6 Qxd6 25. Nce4 Qb8 26. Bxf4 Ne5 27. d6 N7c6 28. d7 Bb7 29. Nd6 Nd4 30. Rxd4 cxd4 31. Bxe5 fxe5 32. Rxf8+ Bxf8 33. Nf7+ Kg8 34. Qg6+ Bg7 35. Nf5 1-0

[Event "SLO-chT U20"]
[Site "Nova Gorica"]
[Date "2018.06.28"]
[Round "2.1"]
[White "Bajc, Aleksander"]
[Black "Tomulic, Teo"]
[Result "0-1"]
[WhiteElo "1848"]
[BlackElo "2261"]
[PlyCount "78"]
[EventDate "2018.06.27"]
[EventType "team-tourn"]
[EventRounds "7"]
[EventCountry "SLO"]
[SourceTitle "EXT 2020"]
[Source "ChessBase"]
[SourceDate "2019.10.17"]
[SourceVersion "1"]
[SourceVersionDate "2019.10.17"]
[SourceQuality "1"]
[WhiteTeam "Krsko Triglav U20"]
[BlackTeam "Novo Mesto Krka U20"]
[WhiteTeamCountry "SLO"]
[BlackTeamCountry "SLO"]

1. d4 d5 2. c4 e5 3. dxe5 d4 4. Nf3 Nc6 5. a3 Nge7 6. e3 Bg4 7. Be2 dxe3 8. Bxe3 Qxd1+ 9. Bxd1 Ng6 10. 0-0 0-0-0 11. h3 Be6 12. Be2 h6 13. Nbd2 Ngxe5 14. Nxe5 Nxe5 15. b4 g6 16. Rac1 Bg7 17. Nf3 Nxf3+ 18. Bxf3 Bd4 19. Rfe1 Bxe3 20. Rxe3 Rd2 21. c5 Rhd8 22. Rcc3 R8d4 23. Re4 Rxe4 24. Bxe4 Bd5 25. Bxd5 Rxd5 26. Rf3 f5 27. Rg3 g5 28. Kf1 Kd7 29. Ke2 Re5+ 30. Kd2 Kc6 31. Kc3 a5 32. Re3 axb4+ 33. axb4 Rxe3+ 34. fxe3 Kd5 35. Kd3 h5 36. g3 c6 37. Kc3 Ke4 38. b5 Kxe3 39. Kb4 Kd4 0-1

[Event "SLO-chT U20"]
[Site "Nova Gorica"]
[Date "2018.06.28"]
[Round "3.4"]
[White "Suta, Andraz"]
[Black "Bajc, Aleksander"]
[Result "1/2-1/2"]
[WhiteElo "2239"]
[BlackElo "1848"]
[PlyCount "69"]
[EventDate "2018.06.27"]
[EventType "team-tourn"]
[EventRounds "7"]
[EventCountry "SLO"]
[SourceTitle "EXT 2020"]
[Source "ChessBase"]
[SourceDate "2019.10.17"]
[SourceVersion "1"]
[SourceVersionDate "2019.10.17"]
[SourceQuality "1"]
[WhiteTeam "Ptuj U20"]
[BlackTeam "Krsko Triglav U20"]
[WhiteTeamCountry "SLO"]
[BlackTeamCountry "SLO"]

1. e4 c6 2. d4 d5 3. e5 Bf5 4. Nf3 e6 5. Be2 Nd7 6. 0-0 c5 7. c4 Ne7 8. Nc3 dxc4 9. Bg5 a6 10. Bxc4 h6 11. Bh4 Nb6 12. Bb3 c4 13. Bc2 Qd7 14. Bxe7 Bxc2 15. Qxc2 Bxe7 16. Ne4 Rc8 17. Ng3 0-0 18. Qe4 Rfd8 19. Qg4 Nd5 20. Nh5 Bf8 21. Nf6+ Nxf6 22. exf6 g6 23. Rad1 Bd6 24. h4 Qb5 25. Rfe1 Qf5 26. Qxf5 gxf5 27. Ne5 b5 28. Rc1 Bb8 29. Red1 Ba7 30. Rc3 Bxd4 31. Rg3+ Kf8 32. Rxd4 Rxd4 33. Rg7 Rc7 34. Rh7 Kg8 35. Rg7+ 1/2-1/2

[Event "SLO-ch U18"]
[Site "Portoroz"]
[Date "2018.03.01"]
[Round "8"]
[White "Bojko, Filip"]
[Black "Bajc, Aleksander"]
[Result "0-1"]
[WhiteElo "1515"]
[BlackElo "1904"]
[PlyCount "52"]
[EventDate "2018.02.24"]
[EventType "tourn"]
[EventRounds "9"]
[EventCountry "SLO"]
[SourceTitle "EXT 2019"]
[Source "ChessBase"]
[SourceDate "2018.10.10"]
[SourceVersion "1"]
[SourceVersionDate "2018.10.10"]
[SourceQuality "1"]

1. e4 c6 2. d4 d5 3. Nc3 dxe4 4. Nxe4 Bf5 5. Ng3 Bg6 6. Nf3 Nd7 7. Bd3 Bxd3 8. Qxd3 e6 9. Bf4 Qa5+ 10. c3 Ngf6 11. Bd2 Qc7 12. 0-0 Bd6 13. Rac1 0-0 14. Rfe1 Rad8 15. Qe2 c5 16. dxc5 Nxc5 17. Rcd1 h6 18. Be3 Rd7 19. Nd4 a6 20. Qf3 Nd5 21. Qg4 Nxe3 22. Rxe3 Kh7 23. Rde1 f5 24. Ngxf5 exf5 25. Nxf5 Bxh2+ 26. Kf1 Rdf7 0-1

[Event "SLO-ch U18"]
[Site "Portoroz"]
[Date "2018.02.28"]
[Round "7"]
[White "Bajc, Aleksander"]
[Black "Brinovec, David"]
[Result "1/2-1/2"]
[WhiteElo "1904"]
[BlackElo "2192"]
[PlyCount "139"]
[EventDate "2018.02.24"]
[EventType "tourn"]
[EventRounds "9"]
[EventCountry "SLO"]
[SourceTitle "EXT 2019"]
[Source "ChessBase"]
[SourceDate "2018.10.10"]
[SourceVersion "1"]
[SourceVersionDate "2018.10.10"]
[SourceQuality "1"]

1. d4 d5 2. c4 e6 3. Nf3 Nf6 4. e3 Be7 5. b3 0-0 6. Bb2 b6 7. Bd3 Bb7 8. 0-0 Nbd7 9. Nc3 c5 10. cxd5 Nxd5 11. Nxd5 exd5 12. Rc1 Rc8 13. Qe2 Rc7 14. Rfd1 Bd6 15. Nd2 Qe7 16. Nf1 Rfc8 17. Ng3 g6 18. Re1 cxd4 19. Rxc7 Rxc7 20. Bxd4 Be5 21. Bxe5 Qxe5 22. Qd2 Nf6 23. Rc1 h5 24. Rxc7 Qxc7 25. f3 Nd7 26. Ne2 Nc5 27. Bc2 Ne6 28. Nd4 Nxd4 29. exd4 Ba6 30. g3 Qd7 31. Bd3 Bxd3 32. Qxd3 h4 33. Kg2 Qe7 34. a4 hxg3 35. hxg3 Qe6 36. Kh2 Qe1 37. Kg2 Kg7 38. Kh2 Qf2+ 39. Kh3 a5 40. Qc3 Qe2 41. f4 Qf1+ 42. Kh2 Qf2+ 43. Kh3 Qg1 44. Qb2 f5 45. Qd2 Kh6 46. Qb2 Qh1+ 47. Qh2 Qd1 48. Kg2+ Kg7 49. Qh4 Qe2+ 50. Kh1 Qe8 51. Kg1 Qf8 52. Qh1 Qg8 53. Kf2 Qe6 54. Qe1 Qe4 55. Qc3 Kh6 56. Qd2 Kh5 57. Qd1+ Kh6 58. Qd2 Qh1 59. Qe3 Qh2+ 60. Kf1 Qc2 61. Qe7 Qd1+ 62. Kg2 Qxd4 63. Qh4+ Kg7 64. Qe7+ Kg8 65. Qe8+ Kg7 66. Qe7+ Kg8 67. Qe8+ Kh7 68. Qe7+ Kh8 69. Qf8+ Kh7 70. Qe7+ 1/2-1/2

[Event "SLO-ch U18"]
[Site "Portoroz"]
[Date "2018.02.24"]
[Round "1"]
[White "Bajc, Aleksander"]
[Black "Dobrovoljc, Vid"]
[Result "0-1"]
[WhiteElo "1904"]
[BlackElo "2286"]
[PlyCount "82"]
[EventDate "2018.02.24"]
[EventType "tourn"]
[EventRounds "9"]
[EventCountry "SLO"]
[SourceTitle "EXT 2019"]
[Source "ChessBase"]
[SourceDate "2018.10.10"]
[SourceVersion "1"]
[SourceVersionDate "2018.10.10"]
[SourceQuality "1"]

1. d4 Nf6 2. c4 g6 3. Nc3 Bg7 4. e4 d6 5. Nf3 0-0 6. Be2 e5 7. 0-0 Nc6 8. d5 Ne7 9. b4 a5 10. Rb1 axb4 11. Rxb4 b6 12. Ne1 Nd7 13. Be3 f5 14. f3 f4 15. Bf2 g5 16. Nd3 Nf6 17. a4 Rf7 18. Rb1 Bf8 19. Be1 h5 20. Nf2 Rg7 21. h3 Ng6 22. Ra1 Nh8 23. Nb5 Nf7 24. a5 bxa5 25. Rxa5 Rxa5 26. Bxa5 Nh6 27. c5 dxc5 28. Qa1 g4 29. hxg4 hxg4 30. fxg4 Nhxg4 31. Bxg4 Bxg4 32. Qxe5 Be2 33. Bxc7 Qd7 34. Nc3 Bf3 35. Ra1 Rxg2+ 36. Kf1 Rxf2+ 37. Kxf2 Ng4+ 38. Kxf3 Nxe5+ 39. Bxe5 Qh3+ 40. Ke2 Qh5+ 41. Kd3 Qxe5 0-1

[Event "Otocec Krka Terme op"]
[Site "Otocec"]
[Date "2017.11.05"]
[Round "8"]
[White "Bajc, Aleksander"]
[Black "Ruzic, Pia Marie"]
[Result "1/2-1/2"]
[WhiteElo "1820"]
[BlackElo "1562"]
[PlyCount "102"]
[EventDate "2017.11.02"]
[EventType "swiss"]
[EventRounds "9"]
[EventCountry "SLO"]
[SourceTitle "EXT 2019"]
[Source "ChessBase"]
[SourceDate "2018.10.10"]
[SourceVersion "1"]
[SourceVersionDate "2018.10.10"]
[SourceQuality "1"]

1. d4 Nf6 2. c4 g6 3. Nc3 Bg7 4. e4 d6 5. Be2 Nbd7 6. Bg5 0-0 7. h3 e5 8. d5 h6 9. Be3 Nc5 10. Qc2 a5 11. Nf3 Ne8 12. Nd2 f5 13. f3 Nf6 14. g4 fxe4 15. fxe4 Nh7 16. 0-0-0 Bd7 17. Nf3 Qe8 18. Rdg1 c6 19. Qd2 cxd5 20. Bxc5 dxc5 21. Qxd5+ Be6 22. Qxb7 Qf7 23. Qxf7+ Rxf7 24. Nd5 Rb7 25. Bd3 a4 26. Rg2 Nf8 27. Rd1 Bf7 28. g5 h5 29. Ng1 Ra6 30. h4 Ne6 31. Ne2 Nd4 32. Nxd4 exd4 33. Re1 Be5 34. Kc2 Kg7 35. Rb1 Be6 36. b3 axb3+ 37. axb3 Ra3 38. Rb2 Ra1 39. Rb1 Rxb1 40. Kxb1 Bxd5 41. exd5 Rxb3+ 42. Kc2 Ra3 43. Rg1 Ra2+ 44. Kb3 Rh2 45. Re1 Rh3 46. Kc2 Re3 47. Ra1 Bg3 48. Ra6 Bxh4 49. Rxg6+ Kf7 50. Rh6 Bxg5 51. Rxh5 Be7 1/2-1/2

[Event "Otocec Krka Terme op"]
[Site "Otocec"]
[Date "2017.11.04"]
[Round "6"]
[White "Bajc, Aleksander"]
[Black "Kobe, Jure"]
[Result "1/2-1/2"]
[WhiteElo "1820"]
[BlackElo "1343"]
[PlyCount "72"]
[EventDate "2017.11.02"]
[EventType "swiss"]
[EventRounds "9"]
[EventCountry "SLO"]
[SourceTitle "EXT 2019"]
[Source "ChessBase"]
[SourceDate "2018.10.10"]
[SourceVersion "1"]
[SourceVersionDate "2018.10.10"]
[SourceQuality "1"]

1. d4 d5 2. c4 e6 3. Nf3 Nf6 4. g3 Be7 5. Bg2 0-0 6. 0-0 c5 7. Qc2 dxc4 8. Qxc4 cxd4 9. Nxd4 e5 10. Nb3 Nc6 11. e3 Be6 12. Qe2 Rc8 13. Bd2 b6 14. Bc3 a5 15. h3 a4 16. N3d2 Nb4 17. Rd1 Qc7 18. Bxb4 Bxb4 19. a3 Ba5 20. Ne4 Nxe4 21. Bxe4 Rfd8 22. Nd2 Rxd2 23. Rxd2 Bxd2 24. Qxd2 Bxh3 25. Qd1 Bd7 26. Qh5 g6 27. Qg5 Qd6 28. Bf3 Bf5 29. Rd1 Qc5 30. g4 Be6 31. Rd8+ Rxd8 32. Qxd8+ Kg7 33. g5 Qc1+ 34. Kg2 Qxb2 35. Qf6+ Kf8 36. Qd8+ Kg7 1/2-1/2

[Event "SLO-chT2 East"]
[Site "Slovenia"]
[Date "2017.10.21"]
[Round "4"]
[White "Sesko, Marijan"]
[Black "Bajc, Aleksander"]
[Result "1/2-1/2"]
[WhiteElo "1688"]
[BlackElo "1787"]
[PlyCount "121"]
[EventDate "2017.09.30"]
[EventType "team-tourn"]
[EventRounds "9"]
[EventCountry "SLO"]
[SourceTitle "EXT 2019"]
[Source "ChessBase"]
[SourceDate "2018.10.10"]
[SourceVersion "1"]
[SourceVersionDate "2018.10.10"]
[SourceQuality "1"]

1. d4 Nf6 2. Bf4 g6 3. h3 Bg7 4. Nf3 0-0 5. e3 c5 6. c3 d5 7. Bd3 Nc6 8. 0-0 Nd7 9. Nbd2 e5 10. dxe5 Ndxe5 11. Nxe5 Nxe5 12. Be2 h6 13. Nf3 Nc6 14. Bh2 Be6 15. Ne1 Qe7 16. Bf3 Rad8 17. Nc2 Ne5 18. Qe2 f5 19. Bxe5 Bxe5 20. Rad1 Kh8 21. Rd2 Rd7 22. Rfd1 Rfd8 23. g4 Bc7 24. Kg2 Qg5 25. Rh1 Kg8 26. h4 Qf6 27. Rdd1 Rf8 28. Rdf1 Rg7 29. Rd1 Qe5 30. Rdf1 h5 31. g5 Re7 32. Rd1 Kg7 33. Ne1 b6 34. Nd3 Qd6 35. Nf4 Rd8 36. Nxe6+ Qxe6 37. Rd2 Qe5 38. Rh3 Red7 39. Qb5 Qe6 40. Rh1 Qe5 41. Rh3 Rf7 42. Qe2 Re7 43. Rh1 Kf8 44. Rh3 Red7 45. Qb5 Kg7 46. Qe2 d4 47. cxd4 cxd4 48. exd4 Rxd4 49. Qxe5+ Bxe5 50. Re2 Bd6 51. b3 Bc5 52. Rh1 Kf7 53. Rc2 Rd2 54. Rxd2 Rxd2 55. Rf1 Ke7 56. Re1+ Kd7 57. Rd1 Rxd1 58. Bxd1 Kc6 59. Bf3+ Kd6 60. Be2 Ke7 61. Bc4 1/2-1/2

[Event "Pardubice Czech op-C 28th"]
[Site "Pardubice"]
[Date "2017.07.24"]
[Round "4"]
[White "Bogut, Maksymilian"]
[Black "Bajc, Aleksander"]
[Result "1-0"]
[WhiteElo "1581"]
[BlackElo "1807"]
[PlyCount "73"]
[EventDate "2017.07.22"]
[EventType "swiss"]
[EventRounds "9"]
[EventCountry "CZE"]
[SourceTitle "CBM 179 Extra"]
[Source "ChessBase"]
[SourceDate "2017.08.23"]
[SourceVersion "1"]
[SourceVersionDate "2017.08.23"]
[SourceQuality "1"]

1. e4 c6 2. Nc3 d5 3. Nf3 Bg4 4. h3 Bh5 5. d4 dxe4 6. Nxe4 Bxf3 7. gxf3 Nd7 8. Bc4 e6 9. Bf4 Nb6 10. Bb3 Nd5 11. Be5 Nh6 12. c4 Nb6 13. Qd2 Nf5 14. 0-0-0 Nd7 15. Bf4 g6 16. Bg5 Be7 17. d5 cxd5 18. cxd5 Bxg5 19. Nxg5 e5 20. f4 0-0 21. fxe5 Nxe5 22. Kb1 Nd6 23. Qf4 h6 24. Ne6 fxe6 25. Qxe5 Rf5 26. Qxe6+ Kh7 27. Bc2 Rf6 28. Qg4 Rc8 29. Rhe1 Qc7 30. Rd2 Nc4 31. Rde2 Ne5 32. Qa4 b5 33. Qd4 Nd7 34. Re7+ Kg8 35. Bb3 Qb6 36. d6+ Kf8 37. Qd5 1-0

[Event "Maribor Pirc Memorial op 20th"]
[Site "Maribor"]
[Date "2017.06.25"]
[Round "2"]
[White "Nareks, Matic"]
[Black "Bajc, Aleksander"]
[Result "1-0"]
[WhiteElo "1474"]
[BlackElo "1807"]
[PlyCount "81"]
[EventDate "2017.06.24"]
[EventType "swiss"]
[EventRounds "9"]
[EventCountry "SLO"]
[SourceTitle "CBM 179 Extra"]
[Source "ChessBase"]
[SourceDate "2017.08.23"]
[SourceVersion "1"]
[SourceVersionDate "2017.08.23"]
[SourceQuality "1"]

1. e4 c6 2. d4 d5 3. e5 Bf5 4. g4 Bg6 5. h4 h6 6. h5 Bh7 7. e6 fxe6 8. Bd3 Bxd3 9. Qxd3 Nf6 10. Nf3 Qb6 11. Ne5 Rg8 12. Nd2 Nbd7 13. Qg6+ Kd8 14. Nxd7 Kxd7 15. Nb3 Ne4 16. f3 Nd6 17. Nc5+ Kc7 18. Qxe6 Rh8 19. Bf4 Rd8 20. 0-0-0 Qa5 21. Kb1 b6 22. Nb3 Qb5 23. Be5 a5 24. Nd2 a4 25. c4 dxc4 26. Nxc4 Qd5 27. Qxd5 cxd5 28. Bxd6+ exd6 29. Ne3 Kb7 30. Nxd5 Rd7 31. Rhe1 Rg8 32. Re4 Rf7 33. Nf4 g5 34. hxg6 Rf6 35. d5 b5 36. Rdd4 Bg7 37. Rb4 Kb6 38. Re6 Rgf8 39. Nh5 Rxe6 40. dxe6 Be5 41. f4 1-0

[Event "SLO-ch U16"]
[Site "Ptuj"]
[Date "2017.03.02"]
[Round "8"]
[White "Bajc, Aleksander"]
[Black "Bajo, Tin"]
[Result "1/2-1/2"]
[WhiteElo "1772"]
[BlackElo "1809"]
[PlyCount "78"]
[EventDate "2017.02.25"]
[EventType "swiss"]
[EventRounds "9"]
[EventCountry "SLO"]
[SourceTitle "CBM 177 Extra"]
[Source "ChessBase"]
[SourceDate "2017.04.27"]
[SourceVersion "1"]
[SourceVersionDate "2017.04.27"]
[SourceQuality "1"]

1. d4 d5 2. c4 e6 3. Nf3 Nf6 4. g3 Be7 5. Bg2 0-0 6. 0-0 dxc4 7. Qc2 a6 8. a4 Bd7 9. Qxc4 Bc6 10. Nc3 Nbd7 11. Qd3 Nd5 12. Nxd5 Bxd5 13. e4 Bc6 14. Re1 Nf6 15. Ne5 a5 16. Bg5 Nd7 17. Nxc6 bxc6 18. Bxe7 Qxe7 19. Rac1 Qb4 20. e5 Nb6 21. Bxc6 Rad8 22. Red1 Nd5 23. Bxd5 Rxd5 24. b3 Qb6 25. Rc4 Rfd8 26. Qc2 R5d7 27. Rc5 Rxd4 28. Rxd4 Rxd4 29. Rxc7 g6 30. Qc5 Qxc5 31. Rxc5 Rd3 32. Rb5 g5 33. Kg2 g4 34. h3 h5 35. hxg4 hxg4 36. b4 Rd4 37. Rxa5 Rxb4 38. Ra8+ Kg7 39. a5 Re4 1/2-1/2

[Event "SLO-ch U16"]
[Site "Ptuj"]
[Date "2017.02.28"]
[Round "5"]
[White "Bajc, Aleksander"]
[Black "Jelen, Miha"]
[Result "1/2-1/2"]
[WhiteElo "1772"]
[BlackElo "1912"]
[PlyCount "72"]
[EventDate "2017.02.25"]
[EventType "swiss"]
[EventRounds "9"]
[EventCountry "SLO"]
[SourceTitle "CBM 177 Extra"]
[Source "ChessBase"]
[SourceDate "2017.04.27"]
[SourceVersion "1"]
[SourceVersionDate "2017.04.27"]
[SourceQuality "1"]

1. d4 d5 2. c4 c6 3. Nf3 Nf6 4. e3 Bf5 5. Be2 e6 6. Nc3 Nbd7 7. Nh4 Bg6 8. Nxg6 hxg6 9. a3 Bd6 10. h3 a5 11. 0-0 0-0 12. Rb1 Re8 13. b4 axb4 14. axb4 dxc4 15. Bxc4 b5 16. Be2 Nd5 17. Nxd5 exd5 18. Bd2 Qb6 19. Qb3 Ra4 20. Ra1 Rea8 21. Qb2 Nb8 22. Rfb1 Kf8 23. Bc3 Ke7 24. Bd1 Rxa1 25. Rxa1 Rxa1 26. Qxa1 Qa6 27. Qb2 Nd7 28. Kf1 Nb6 29. Ke1 Nc4 30. Qb3 Kd7 31. Be2 Nb6 32. Bd1 Kc7 33. e4 Nc4 34. exd5 cxd5 35. Bf3 Kc6 36. Kd1 f6 1/2-1/2

[Event "SLO-ch U16"]
[Site "Ptuj"]
[Date "2017.02.27"]
[Round "4"]
[White "Tisaj, Domen"]
[Black "Bajc, Aleksander"]
[Result "0-1"]
[WhiteElo "1949"]
[BlackElo "1772"]
[PlyCount "56"]
[EventDate "2017.02.25"]
[EventType "swiss"]
[EventRounds "9"]
[EventCountry "SLO"]
[SourceTitle "CBM 177 Extra"]
[Source "ChessBase"]
[SourceDate "2017.04.27"]
[SourceVersion "1"]
[SourceVersionDate "2017.04.27"]
[SourceQuality "1"]

1. d4 Nf6 2. c4 e6 3. Nc3 c5 4. d5 exd5 5. cxd5 d6 6. e4 g6 7. Bg5 Bg7 8. Nf3 0-0 9. Be2 a6 10. a4 Bg4 11. Nd2 Bxe2 12. Qxe2 Nbd7 13. 0-0 Qc7 14. Rfe1 Rae8 15. Nc4 Ne5 16. Nxe5 Rxe5 17. f4 Ree8 18. e5 dxe5 19. fxe5 Nd7 20. d6 Qc6 21. Be7 Bxe5 22. Qf3 Rxe7 23. Qxc6 Bd4+ 24. Kf1 Rxe1+ 25. Rxe1 bxc6 26. Re7 Rd8 27. Ne4 h6 28. b3 Kf8 0-1

[Event "Otocec Krka Terme op"]
[Site "Otocec"]
[Date "2016.10.22"]
[Round "2"]
[White "Setar, Bogomir"]
[Black "Bajc, Aleksander"]
[Result "0-1"]
[WhiteElo "1656"]
[BlackElo "1715"]
[PlyCount "90"]
[EventDate "2016.10.21"]
[EventType "swiss"]
[EventRounds "5"]
[EventCountry "SLO"]
[SourceTitle "EXT 2019"]
[Source "ChessBase"]
[SourceDate "2018.10.10"]
[SourceVersion "1"]
[SourceVersionDate "2018.10.10"]
[SourceQuality "1"]

1. d4 Nf6 2. c4 c5 3. d5 e6 4. Nc3 exd5 5. cxd5 d6 6. Bg5 Nbd7 7. Nf3 a6 8. g3 b5 9. Bg2 g6 10. 0-0 Bg7 11. Qd2 0-0 12. Ne4 Nxe4 13. Bxd8 Nxd2 14. Nxd2 Rxd8 15. Rab1 Nb6 16. b3 Re8 17. e4 f5 18. f3 Bd7 19. Rfd1 a5 20. a3 a4 21. b4 c4 22. Rdc1 c3 23. Nf1 Rac8 24. Rc2 Nc4 25. Ra1 Ne5 26. Ne3 Nd3 27. Kf1 fxe4 28. fxe4 Rf8+ 29. Ke2 Ne5 30. h3 Nc4 31. Nd1 Nb2 32. Ne3 Rf7 33. Rf1 Rxf1 34. Bxf1 Bd4 35. Rc1 Re8 36. Bg2 Bxh3 37. Bxh3 Rxe4 38. Be6+ Kh8 39. Kf3 Rxe3+ 40. Kg4 h5+ 41. Kg5 Rxg3+ 42. Kh4 Rg1 43. Rc2 Nd3 44. Re2 Nf4 45. Re4 g5# 0-1

[Event "Otocec Krka Terme op"]
[Site "Otocec"]
[Date "2016.10.21"]
[Round "1"]
[White "Bajc, Aleksander"]
[Black "Brilej, Jaka"]
[Result "0-1"]
[WhiteElo "1715"]
[BlackElo "1965"]
[PlyCount "88"]
[EventDate "2016.10.21"]
[EventType "swiss"]
[EventRounds "5"]
[EventCountry "SLO"]
[SourceTitle "EXT 2019"]
[Source "ChessBase"]
[SourceDate "2018.10.10"]
[SourceVersion "1"]
[SourceVersionDate "2018.10.10"]
[SourceQuality "1"]

1. d4 d5 2. c4 e6 3. Nf3 Nf6 4. g3 dxc4 5. Bg2 Bd7 6. Ne5 Bc6 7. Nxc6 Nxc6 8. e3 Qd7 9. Qa4 Nd5 10. Qxc4 0-0-0 11. Nc3 f5 12. a3 g5 13. b4 f4 14. 0-0 fxg3 15. fxg3 h5 16. Bd2 h4 17. g4 h3 18. Bf3 Bg7 19. Rac1 Kb8 20. Rf2 Rhf8 21. Rcf1 Nb6 22. Qb3 Nxd4 23. exd4 Bxd4 24. Ne4 Bxf2+ 25. Rxf2 Nd5 26. Nc5 Qe7 27. Bc3 Qd6 28. Ne4 Qf4 29. Bd2 Qe5 30. Re2 Qd4+ 31. Be3 Qa1+ 32. Kf2 Rxf3+ 33. Kxf3 Qf1+ 34. Rf2 Qh1+ 35. Kg3 Qxe4 36. Bxg5 Rg8 37. Bf4 Nxf4 38. Rxf4 Qg2+ 39. Kh4 Qxh2 40. Qxe6 Rh8+ 41. Kg5 Qd2 42. Qf6 Qd5+ 43. Rf5 Qg8+ 44. Kf4 h2 0-1

[Event "SLO-ch"]
[Site "Otocec"]
[Date "2016.04.28"]
[Round "6"]
[White "Bajc, Aleksander"]
[Black "Urbanc, Suzana"]
[Result "1-0"]
[WhiteElo "1688"]
[BlackElo "1651"]
[PlyCount "77"]
[EventDate "2016.04.23"]
[EventType "swiss"]
[EventRounds "9"]
[EventCountry "SLO"]
[SourceTitle "CBM 172 Extra"]
[Source "ChessBase"]
[SourceDate "2016.06.21"]
[SourceVersion "1"]
[SourceVersionDate "2016.06.21"]
[SourceQuality "1"]

1. d4 d5 2. Nf3 f5 3. Bf4 Nf6 4. e3 e6 5. Bd3 Bd6 6. Bxd6 Qxd6 7. 0-0 0-0 8. c4 c6 9. Nc3 Nbd7 10. Nd2 Ne4 11. f3 Nxd2 12. Qxd2 Nf6 13. Rac1 b6 14. a3 Bd7 15. Rfd1 c5 16. dxc5 bxc5 17. cxd5 exd5 18. Bc4 Be6 19. Nxd5 Nxd5 20. Bxd5 Rad8 21. Bxe6+ Qxe6 22. Qc3 Qb6 23. Rxd8 Rxd8 24. Rc2 h6 25. Kf2 Kh7 26. Qe5 Kg6 27. Kg3 Rc8 28. Kf4 Qc7 29. Qxc7 Rxc7 30. b4 Kf6 31. Rxc5 g5+ 32. Kg3 Rxc5 33. bxc5 Ke5 34. e4 h5 35. h4 fxe4 36. fxe4 g4 37. Kf2 Kf4 38. c6 g3+ 39. Ke1 1-0

[Event "SLO-ch"]
[Site "Otocec"]
[Date "2016.04.26"]
[Round "4"]
[White "Stevanic, David"]
[Black "Bajc, Aleksander"]
[Result "1-0"]
[WhiteElo "2125"]
[BlackElo "1688"]
[PlyCount "41"]
[EventDate "2016.04.23"]
[EventType "swiss"]
[EventRounds "9"]
[EventCountry "SLO"]
[SourceTitle "CBM 172 Extra"]
[Source "ChessBase"]
[SourceDate "2016.06.21"]
[SourceVersion "1"]
[SourceVersionDate "2016.06.21"]
[SourceQuality "1"]

1. e4 c6 2. d4 d5 3. f3 Nf6 4. Nc3 e6 5. Nge2 Be7 6. Bf4 0-0 7. Qd3 b6 8. 0-0-0 Ba6 9. Qe3 dxe4 10. fxe4 Nh5 11. h4 Nxf4 12. Nxf4 Qc7 13. g4 e5 14. Nh5 Rd8 15. d5 cxd5 16. Nxd5 Qb7 17. Ndf6+ Kh8 18. Rxd8+ Bxd8 19. Ne8 Nc6 20. Nexg7 Rc8 21. Qh6 1-0

[Event "Otocec U16 op"]
[Site "Otocec"]
[Date "2015.05.24"]
[Round "4.6"]
[White "Bajc, Aleksander"]
[Black "Hvala, Arja Ela"]
[Result "1-0"]
[WhiteElo "1595"]
[BlackElo "1230"]
[PlyCount "107"]
[EventDate "2015.05.10"]
[EventType "swiss"]
[EventRounds "9"]
[EventCountry "SLO"]
[SourceTitle "EXT 2023"]
[Source "ChessBase"]
[SourceDate "2022.10.05"]
[SourceVersion "1"]
[SourceVersionDate "2022.10.05"]
[SourceQuality "1"]

1. d4 d5 2. c4 c6 3. Nf3 Nf6 4. g3 dxc4 5. Bg2 Bf5 6. Nc3 b5 7. Ne5 e6 8. Nxc6 Nxc6 9. Bxc6+ Nd7 10. Nxb5 Rb8 11. Qa4 Rc8 12. Nxa7 Rc7 13. Bf4 Bb4+ 14. Qxb4 Rxa7 15. Qxc4 Qa5+ 16. Qc3 Qb6 17. 0-0 Ra6 18. Rac1 Rxa2 19. Bxd7+ Kxd7 20. Qc7+ Qxc7 21. Rxc7+ Kd8 22. Rfc1 Ra8 23. Bd6 Re8 24. b4 Bh3 25. b5 Ra5 26. b6 Rb5 27. b7 Rb2 28. Rc8+ Kd7 29. Rxe8 Kxe8 30. b8Q+ Rxb8 31. Bxb8 Kd7 32. Rc7+ Kd6 33. Rxf7+ Kd5 34. Rxg7 Bf5 35. g4 Bc2 36. Be5 Kc4 37. Rc7+ Kb3 38. Rxc2 Kxc2 39. e4 Kd3 40. d5 exd5 41. exd5 Ke4 42. d6 Kxe5 43. d7 Kf4 44. d8Q Kxg4 45. Kg2 h5 46. h4 Kf4 47. Qd4+ Kf5 48. Kf3 Ke6 49. Ke4 Kf7 50. Qd6 Kg7 51. Kf5 Kf7 52. Qd7+ Kf8 53. Kg6 Kg8 54. Qe8# 1-0